000 00414nam a2200145Ia 4500
008 211109s9999||||xx |||||||||||||| ||und||
082 _a537.5
_bEVA-E
100 _aEvans, Walter H
245 0 _aIntroduction To Electronics
260 _bPRENTICE HALL of India
_aNewdelhi
_c1962
300 _a518p.
630 _xGeneral Stack
650 _aElectronics
_vElectricity & electronics Physics
_xPhysics
942 _cBOOK
999 _c28401
_d28401